<?xml version="1.0" encoding="UTF-8"?><marc:collection xmlns:marc="http://www.loc.gov/MARC21/slim">
  <marc:record>
    <marc:leader>00000nam  2200000za 4500</marc:leader>
    <marc:controlfield tag="001">9.851029</marc:controlfield>
    <marc:controlfield tag="003">CaOODSP</marc:controlfield>
    <marc:controlfield tag="005">20221107154309</marc:controlfield>
    <marc:controlfield tag="007">cr |||||||||||</marc:controlfield>
    <marc:controlfield tag="008">180201s2018    onc     o    f000 0 fre d</marc:controlfield>
    <marc:datafield tag="022" ind1=" " ind2=" ">
      <marc:subfield code="z">1925-0916</marc:subfield>
    </marc:datafield>
    <marc:datafield tag="040" ind1=" " ind2=" ">
      <marc:subfield code="a">CaOODSP</marc:subfield>
      <marc:subfield code="b">fre</marc:subfield>
    </marc:datafield>
    <marc:datafield tag="043" ind1=" " ind2=" ">
      <marc:subfield code="a">n-cn---</marc:subfield>
    </marc:datafield>
    <marc:datafield tag="086" ind1="1" ind2=" ">
      <marc:subfield code="a">H113-25/2018-2F-PDF</marc:subfield>
      <marc:subfield code="z">H113-25/2018-2F</marc:subfield>
    </marc:datafield>
    <marc:datafield tag="245" ind1="0" ind2="0">
      <marc:subfield code="a">Huile d’eucalyptus, huile d’aiguilles de pin, huile de géranium, huile de citron, huile de camphre et Citrobug chasse-insectes pour chiens et chevaux </marc:subfield>
      <marc:subfield code="h">[ressource électronique].</marc:subfield>
    </marc:datafield>
    <marc:datafield tag="260" ind1=" " ind2=" ">
      <marc:subfield code="a">Ottawa : </marc:subfield>
      <marc:subfield code="b">Agence de réglementation de la lutte antiparasitaire, Santé Canada, </marc:subfield>
      <marc:subfield code="c">2018.</marc:subfield>
    </marc:datafield>
    <marc:datafield tag="300" ind1=" " ind2=" ">
      <marc:subfield code="a">1 p.</marc:subfield>
    </marc:datafield>
    <marc:datafield tag="490" ind1="1" ind2=" ">
      <marc:subfield code="a">Décision d'homologation, </marc:subfield>
      <marc:subfield code="x">1925-0924 ; </marc:subfield>
      <marc:subfield code="v">RD2018-02</marc:subfield>
    </marc:datafield>
    <marc:datafield tag="500" ind1=" " ind2=" ">
      <marc:subfield code="a">Publ. aussi en anglais sous le titre : Eucalyptus oil, pine needle oil, oil of geranium, lemon oil and camphor oil, and Citrobug insect repellent for dogs and horses.</marc:subfield>
    </marc:datafield>
    <marc:datafield tag="500" ind1=" " ind2=" ">
      <marc:subfield code="a">Titre de la couv.</marc:subfield>
    </marc:datafield>
    <marc:datafield tag="500" ind1=" " ind2=" ">
      <marc:subfield code="a">« Le 31 janvier 2018. »</marc:subfield>
    </marc:datafield>
    <marc:datafield tag="520" ind1=" " ind2=" ">
      <marc:subfield code="a">« L’Agence de réglementation de la lutte antiparasitaire (ARLA) de Santé Canada, en vertu de la Loi sur les produits antiparasitaires et de ses règlements d’application, accorde l’homologation complète pour la vente et l’utilisation de Citrobug Formule HE-5000 d’huiles essentielles et du Citrobug chasse-insectes pour chiens et chevaux, qui contiennent comme principes actifs de qualité technique l’huile d’eucalyptus, l’huile d’aiguilles de pin, l’huile de géranium, l’huile de citron et l’huile de camphre. Ces principes actifs sont employés dans la formulation du chasse insectes, lequel est destiné à être appliqué sur le pelage des chiens et des chevaux afin de chasser les moustiques, les mouches faciales, les mouches des cornes, les mouches domestiques et les mouches piquantes des étables. L’évaluation révèle que, dans les conditions d’utilisation approuvées, les produits ont de la valeur et ne présentent aucun risque inacceptable pour la santé humaine ou pour l’environnement » -- P. 1.</marc:subfield>
    </marc:datafield>
    <marc:datafield tag="530" ind1=" " ind2=" ">
      <marc:subfield code="a">Également publ. en version imprimée.</marc:subfield>
    </marc:datafield>
    <marc:datafield tag="692" ind1="0" ind2="7">
      <marc:subfield code="2">gccst</marc:subfield>
      <marc:subfield code="a">Insecticide</marc:subfield>
    </marc:datafield>
    <marc:datafield tag="692" ind1="0" ind2="7">
      <marc:subfield code="2">gccst</marc:subfield>
      <marc:subfield code="a">Accréditation</marc:subfield>
    </marc:datafield>
    <marc:datafield tag="692" ind1="0" ind2="7">
      <marc:subfield code="2">gccst</marc:subfield>
      <marc:subfield code="a">Toxicologie</marc:subfield>
    </marc:datafield>
    <marc:datafield tag="710" ind1="1" ind2=" ">
      <marc:subfield code="a">Canada. </marc:subfield>
      <marc:subfield code="b">Agence de réglementation de la lutte antiparasitaire.</marc:subfield>
    </marc:datafield>
    <marc:datafield tag="710" ind1="1" ind2=" ">
      <marc:subfield code="a">Canada. </marc:subfield>
      <marc:subfield code="b">Santé Canada.</marc:subfield>
    </marc:datafield>
    <marc:datafield tag="775" ind1="0" ind2="8">
      <marc:subfield code="t">Eucalyptus oil, pine needle oil, oil of geranium, lemon oil and camphor oil, and Citrobug insect repellent for dogs and horses </marc:subfield>
      <marc:subfield code="w">(CaOODSP)9.851028</marc:subfield>
    </marc:datafield>
    <marc:datafield tag="830" ind1="#" ind2="0">
      <marc:subfield code="a">Décision d'homologation,</marc:subfield>
      <marc:subfield code="x">1925-0924 ; </marc:subfield>
      <marc:subfield code="v">RD2018-02</marc:subfield>
      <marc:subfield code="w">(CaOODSP)9.501583</marc:subfield>
    </marc:datafield>
    <marc:datafield tag="856" ind1="4" ind2="0">
      <marc:subfield code="q">PDF</marc:subfield>
      <marc:subfield code="s">87 Ko</marc:subfield>
      <marc:subfield code="u">https://publications.gc.ca/collections/collection_2018/sc-hc/h113-25/H113-25-2018-2-fra.pdf</marc:subfield>
    </marc:datafield>
  </marc:record>
</marc:collection>
